000 00306nam a22001337a 4500
008 181102b xxu||||| |||| 00| 0 eng d
020 _a9781891944437
041 _aeng
080 _a159.9
100 _a49
101 _aPSI
245 _aTherapy with Individuals & Couples
_cCarlson,J
942 _2udc
_cBK
999 _c51614
_d51614